Music Quiz

Random Music or Rock Quiz
Score 0/148 Timer 06:00
0 Plays Today
Lyrics % Correct
in
100%
the
100%
the
100%
And
100%
in
100%
the
100%
fire!
100%
in
100%
the
100%
in
100%
the
100%
And
100%
the
100%
The
100%
The
100%
and
100%
the
100%
sleeping
100%
in
100%
the
100%
fire!
100%
the
100%
The
100%
and
100%
sleeping
100%
in
100%
the
100%
fire...
100%
I
100%
the
100%
and
100%
fire
100%
And
100%
the
100%
I
100%
the
100%
The
100%
The
100%
and
100%
the
100%
sleeping
100%
in
100%
the
100%
fire!
100%
the
100%
the
100%
and
100%
sleeping
100%
in
100%
the
100%
Lyrics % Correct
fire...
100%
you
97%
you
97%
You
97%
you
97%
you
97%
You
97%
your
87.9%
that
87.9%
that
87.9%
that
87.9%
that
87.9%
Lucifer's
84.8%
Lucifer's
84.8%
Lucifer's
84.8%
Lucifer's
84.8%
flame
81.8%
You're
81.8%
feel
81.8%
you're
81.8%
You're
81.8%
flame
81.8%
You're
81.8%
feel
81.8%
you're
81.8%
you're
81.8%
love,
78.8%
love,
78.8%
love,
78.8%
love,
78.8%
love,
78.8%
love,
78.8%
it
75.8%
on
75.8%
it
75.8%
on
75.8%
desire,
72.7%
makes
72.7%
makes
72.7%
makes
72.7%
makes
72.7%
Touch,
69.7%
Touch
69.7%
Look,
69.7%
Look
69.7%
magic
69.7%
numb,
69.7%
magic
69.7%
numb,
69.7%
what
69.7%
Lyrics % Correct
magic
69.7%
numb,
69.7%
magic
69.7%
numb,
69.7%
what
69.7%
Taste
66.7%
all
66.7%
pain
66.7%
one,
66.7%
Taste
66.7%
burn,
66.7%
Taste
66.7%
all
66.7%
pain
66.7%
one,
66.7%
Taste
66.7%
my
63.6%
is
63.6%
flame's
60.6%
candle
60.6%
light,
60.6%
of
60.6%
of
60.6%
are
57.6%
are
57.6%
finger's
54.5%
See
54.5%
passion
54.5%
drunk
54.5%
as
54.5%
passion
54.5%
drunk
54.5%
does
51.5%
does
51.5%
cry
48.5%
out
48.5%
Oh!
48.5%
Feeling
45.5%
gaze
45.5%
which
45.5%
life,
42.4%
name
42.4%
pain's
39.4%
denial,
39.4%
yearn...
39.4%
spell
36.4%
our
36.4%
lie...
30.3%

You're not logged in!

Compare scores with friends on all Sporcle quizzes.
OR
Log In

Sporcle TV

Today on Sporcle TV


Watch our educational content, quiz creation guides, and fun videos on Sporcle TV.

Show Comments

Extras

Top Quizzes Today


Score Distribution

Paid Content

Your Account Isn't Verified!

In order to create a playlist on Sporcle, you need to verify the email address you used during registration. Go to your Sporcle Settings to finish the process.

Report this User

Report this user for behavior that violates our Community Guidelines.

Details: